Learning Resource and Development

Come play hide and seek, (Record no. 23665)

MARC details
000 -LEADER
fixed length control field 01100cam a2200313 4500
001 - CONTROL NUMBER
control field comeplayhideseek00gles
003 - CONTROL NUMBER IDENTIFIER
control field CaSfIA
005 - DATE AND TIME OF LATEST TRANSACTION
control field 20230525155219.0
007 - PHYSICAL DESCRIPTION FIXED FIELD--GENERAL INFORMATION
fixed length control field cr||||
008 - FIXED-LENGTH DATA ELEMENTS--GENERAL INFORMATION
fixed length control field 731127s1975 ilua j 000 1 eng
010 ## - LIBRARY OF CONGRESS CONTROL NUMBER
LC control number 73020376
040 ## - CATALOGING SOURCE
Original cataloging agency DLC
Transcribing agency DLC
Modifying agency OCL
-- BTCTA
-- YDXCP
-- CaSfIA
020 ## - INTERNATIONAL STANDARD BOOK NUMBER
International Standard Book Number 0811660532
020 ## - INTERNATIONAL STANDARD BOOK NUMBER
International Standard Book Number 9780811660532
035 ## - SYSTEM CONTROL NUMBER
System control number (OCoLC)762575
042 ## - AUTHENTICATION CODE
Authentication code lcac
050 00 - LIBRARY OF CONGRESS CALL NUMBER
Classification number PZ7.G4883
Item number Co
082 14 - DEWEY DECIMAL CLASSIFICATION NUMBER
Classification number [E]
029 1# - OTHER SYSTEM CONTROL NUMBER (OCLC)
OCLC library identifier NZ1
System control number 3818139
100 1# - MAIN ENTRY--PERSONAL NAME
Personal name Gles, Margaret.
245 10 - TITLE STATEMENT
Title Come play hide and seek,
Medium [electronic resource]
Statement of responsibility, etc. by Margaret Gles. Drawings by Lou Cunette.
260 ## - PUBLICATION, DISTRIBUTION, ETC.
Place of publication, distribution, etc. Champaign, Ill.,
Name of publisher, distributor, etc. Garrard Pub. Co.
Date of publication, distribution, etc. [1975]
300 ## - PHYSICAL DESCRIPTION
Extent 32 p.
Other physical details col. illus.
Dimensions 23 cm.
520 ## - SUMMARY, ETC.
Summary, etc. The reader is invited to play hide and seek with Jerry and Jake.
650 #1 - SUBJECT ADDED ENTRY--TOPICAL TERM
Topical term or geographic name entry element Hide-and-seek
Form subdivision Fiction.
700 1# - ADDED ENTRY--PERSONAL NAME
Personal name Cunette, Lou,
Relator term illus.
856 41 - ELECTRONIC LOCATION AND ACCESS
Uniform Resource Identifier <a href="http://www.archive.org/details/comeplayhideseek00gles">http://www.archive.org/details/comeplayhideseek00gles</a>
Public note Free eBook from the Internet Archive
856 42 - ELECTRONIC LOCATION AND ACCESS
Uniform Resource Identifier <a href="http://www.openlibrary.org/books/OL5425897M">http://www.openlibrary.org/books/OL5425897M</a>
Public note Additional information and access via Open Library
Holdings
Withdrawn status Lost status Damaged status Not for loan Collection Home library Current library Date acquired Total Checkouts Full call number Date last seen Price effective from Koha item type
        Project Gutenberg Main Library Main Library 05/25/2023   PZ7.G4883 Co 05/25/2023 05/25/2023 EBooks